LEADER 01261nam a2200313 i 4500 001 991002122119707536 005 20020507160351.0 008 991004s1991 it ||| | ita 020 $a8814028516 035 $ab11611868-39ule_inst 035 $aLE02730872$9ExL 040 $aDip.to Studi Giuridici$bita 041 0 $aitalat 082 0 $a340.5 110 2 $aAccademia romanistica Costantiniana$0240708 245 10$aNormativa imperiale e diritto romano negli scritti di S. Ambrogio :$bEpistulae, De officiis, Orationes funebres /$ca cura di Manlio Sargenti e R. B. Bruno Siola 260 $aMilano :$bA. Giuffré,$c1991 300 $a136 p. ;$c24 cm. 490 0 $aMateriali per una palingenesi delle costituzioni tardo-imperiali ;$v4 500 $aIn testa al front.: Accademia romanistica costantiniana 650 4$aFonti 700 1 $aBruno Siola, R. B. 700 1 $aSargenti, Manlio 907 $a.b11611868$b01-03-17$c02-07-02 912 $a991002122119707536 945 $aLE027 ARCHI F 28$g1$i2027000294237$lle027$o-$pE0.00$q-$rl$s- $t0$u1$v1$w1$x0$y.i11826563$z02-07-02 996 $aNormativa imperiale e diritto romano negli scritti di S. Ambrogio$9897144 997 $aUNISALENTO 998 $ale027$b01-01-99$cm$da $e-$fita$git $h0$i1 LEADER 01466nam 2200373 450 001 996279581903316 005 20231207112252.0 010 $a0-7381-5846-1 035 $a(CKB)3780000000090859 035 $a(NjHacI)993780000000090859 035 $a(EXLCZ)993780000000090859 100 $a20231207d2008 uy 0 101 0 $aeng 135 $aur||||||||||| 181 $ctxt$2rdacontent 182 $cc$2rdamedia 183 $acr$2rdacarrier 200 10$aAmerican National Standard for the Performance of Checkpoint Cabinet X-Ray Imaging Security Systems /$fIEEE 210 1$aNew York, N.Y. :$cIEEE,$d2008. 215 $a1 online resource (ix, 29 pages) $cillustrations 225 1 $aIEEE STD ;$vN42.44-2008 320 $aIncludes bibliographical references. 330 $aThis document establishes standards for the technical performance of cabinet x-ray imaging systems used for screening at security checkpoints and other inspection venues. 410 0$aIEEE STD ;$vN42.44-2008. 517 $aIEEE STD N42.44-2008: American National Standard for the Performance of Checkpoint Cabinet X-Ray Imaging Security Systems 606 $aX-ray lasers$vCongresses 615 0$aX-ray lasers 676 $a621.3 801 0$bNjHacI 801 1$bNjHacl 906 $aDOCUMENT 912 $a996279581903316 996 $aAmerican National Standard for the Performance of Checkpoint Cabinet X-Ray Imaging Security Systems$93647160 997 $aUNISA